| 000 | 00443nam a2200193Ia 4500 | ||
|---|---|---|---|
| 008 | 170918s9999 xx 000 0 und d | ||
| 020 | _a9780439639040 | ||
| 050 | _bA759 2006 | ||
| 100 | _aArnold, Tedd | ||
| 245 | _aSuper fly guy / | ||
| 245 | _cTedd Arnold. | ||
| 260 | _aNew York : | ||
| 260 | _bScholastic, | ||
| 260 | _c2006 | ||
| 300 | _a30 pages : | ||
| 300 | _bcolored illustration ; | ||
| 440 | _aFly guy. | ||
| 500 | _a360 | ||
| 999 |
_c342582 _d342582 |
||